| 000 | 00513nam a2200157 i 4500 | ||
|---|---|---|---|
| 001 | 132012 | ||
| 003 | ES-MaACL | ||
| 005 | 20230906194104.0 | ||
| 007 | t| | ||
| 008 | 070214s1931 sp r ||||1| spa d | ||
| 100 | 1 |
_aRodríguez Revilla, Vicente. _998756 |
|
| 245 | 1 | 3 |
_aEl agro español y sus moradores _b: la política agraria y la economía rural en la República / _cVicente Rodríguez Revilla. |
| 260 |
_aMadrid : _bUlises, _c1931 ( _fGalo Sáez) |
||
| 300 |
_a216 p. ; _c19 cm. |
||
| 852 |
_aES-MaACL _jA-533 |
||
| 999 |
_c132012 _d132012 |
||